Hoá phân tích
Tallennettuna:
| Aineistotyyppi: | Kirja |
|---|---|
| Kieli: | Undetermined |
| Aiheet: | |
| Linkit: | http://lrc.tdmu.edu.vn/opac/search/detail.asp?aID=2&ID=7882 |
| Tagit: |
Lisää tagi
Ei tageja, Lisää ensimmäinen tagi!
|
| Thư viện lưu trữ: | Trung tâm Học liệu Trường Đại học Thủ Dầu Một |
|---|
| LEADER | 00374nam a2200109Ia 4500 | ||
|---|---|---|---|
| 001 | TDMU_7882 | ||
| 008 | 210410s9999 xx 000 0 und d | ||
| 082 | |a 543 | ||
| 245 | 0 | |a Hoá phân tích | |
| 650 | |a Hoá học; Hoá phân tích | ||
| 856 | |u http://lrc.tdmu.edu.vn/opac/search/detail.asp?aID=2&ID=7882 | ||
| 980 | |a Trung tâm Học liệu Trường Đại học Thủ Dầu Một | ||